000 00381 a2200157 4500
001 76124
020 _a9788541820035
040 _cAnchieta - Colégio São Paulo
100 _aGarcia, Jacqueline da Silva Ribeiro
240 1 0 _aVamos aprender matemática
_lpor
245 1 0 _aVamos aprender matemática
300 _a224
362 0 _a2017
650 4 _aMatemática
942 _cBK
999 _c76124
_d76124